| 000 | 00505nam a2200145 a 4500 | ||
|---|---|---|---|
| 001 | 000045653 | ||
| 005 | 20201002052352.0 | ||
| 008 | 150421s1987 dr 000 0 spa d | ||
| 040 |
_aDO-SdBNP _bspa _cBNPHU |
||
| 100 | 1 |
_aMarcalle Abreu, Roberto _9862 |
|
| 245 | 1 | 0 |
_aAlternativas para una existencia gris : _brelatos de New York / _cRoberto Marcalle Abreu. |
| 260 |
_aSanto Domingo : _bSanto Domingo, _c1987. |
||
| 300 |
_a227 p. ; _c22 cm. |
||
| 590 | _aPerteneció a la biblioteca personal de Erick Landestoy | ||
| 999 |
_c45142 _d45142 |
||